| 000 | 00939nam a22002657i 4500 | ||
|---|---|---|---|
| 003 | DO-SdBNP | ||
| 005 | 20230817105650.0 | ||
| 007 | ta | ||
| 008 | 110301s2022 dr ac 000 0 spa d | ||
| 020 | _a9789945635294 | ||
| 040 |
_aDO-SdBNP _bspa _cBNPHU _erda |
||
| 082 | 4 |
_bA185e _22 |
|
| 100 | 1 |
_aAcosta Cabral, José Manuel _eautor _953018 _d1957- |
|
| 245 | 1 | 0 |
_aECREFOBI : _bdinámica de la lectura y las bibliotecas / _cJosé Manuel Acosta Cabral, Amada Milagros Hernández ; prefacio Julián Ulerio |
| 264 |
_aSanto Domingo : _bSantuario, _c2022. |
||
| 300 |
_a142 paginas : _bilustraciones., retratoss. _c23 cm. |
||
| 336 |
_2rdacontent _atexto _btxt |
||
| 337 |
_2rdamedia _asin mediación _bn |
||
| 338 |
_2rdacarrier _avolumen _bnc |
||
| 500 | _aIncluye datos biográficos de los autores en las solapas. | ||
| 504 | _aBibliografía : p. 141-142 | ||
| 590 | _aInventariado, 2022/ YL | ||
| 910 | _aYLockward | ||
| 942 |
_2ddc _cLBS1 |
||
| 999 |
_c52717 _d52717 |
||